[Event "World School-ch U15 8th"]
[Site "Iasi"]
[Date "2012.04.30"]
[Round "3"]
[White "Hajiverdiyev, Chingiz"]
[Black "Vinogradov, Anatoly"]
[Result "1/2-1/2"]
[WhiteElo "1733"]
[BlackElo "1998"]
[PlyCount "169"]
[EventDate "2012.04.28"]
[EventType "swiss"]
[EventRounds "9"]
[EventCountry "ROU"]
[SourceTitle "EXT 2013"]
[Source "ChessBase"]
[SourceDate "2012.11.22"]
[SourceVersion "1"]
[SourceVersionDate "2012.11.22"]
[SourceQuality "1"]

1. d4 d5 2. c4 e6 3. Nc3 Nf6 4. Bg5 Nbd7 5. e3 c6 6. cxd5 exd5 7. Bd3 Be7 8. Nf3 0-0 9. 0-0 Re8 10. Qc2 Nf8 11. Rab1 Be6 12. b4 Rc8 13. Rfc1 N6d7 14. Bxe7 Qxe7 15. Qe2 Nb6 16. Nd2 a6 17. a4 Rc7 18. a5 Nc8 19. Na4 Nd6 20. Nc5 Bf5 21. Bxf5 Nxf5 22. Qd3 Nd6 23. Re1 Qd8 24. Re2 Rce7 25. Rbe1 Ne6 26. Ndb3 Nxc5 27. Nxc5 Ne4 28. f3 Nxc5 29. dxc5 g6 30. Qd4 Qc7 31. e4 Qf4 32. Qd3 Qe5 33. exd5 Qxe2 34. Rxe2 Rxe2 35. d6 R2e5 36. Qd4 Rd5 37. Qf4 Re2 38. h3 Rdd2 39. Qg4 Kg7 40. h4 h5 41. Qg3 Rd4 42. Kh1 Re6 43. Qf2 Rd5 44. Qb2+ Kg8 45. Qb3 Rd4 46. Kg1 Re2 47. Qb1 Red2 48. Qb3 Rd1+ 49. Kf2 R1d3 50. Qb1 Rd2+ 51. Kg3 Re2 52. Qf1 Re8 53. Qb1 Rd2 54. Qf1 Ree2 55. Qg1 Kf8 56. Qf1 f6 57. Qh1 Kf7 58. Qh3 f5 59. Qh1 Rd4 60. Kh3 f4 61. Qc1 Kg8 62. d7 Red2 63. Qe1 Rxd7 64. Qe6+ Kh7 65. Qf6 R2d4 66. Qe6 Rg7 67. Qe1 Rdd7 68. Qe4 Rgf7 69. Kh2 Rde7 70. Qc4 Rf5 71. Qd4 Ref7 72. Kh3 Rg7 73. Qe4 Rf8 74. Qe5 Rd7 75. Qe6 Rff7 76. Qe4 Rd1 77. Kh2 Rfd7 78. Qe6 R1d4 79. Qe8 Rg7 80. Qe1 Rc4 81. Kh3 Rd7 82. Qe6 Rcd4 83. Qe8 Rd1 84. Kh2 R1d2 85. Kh3 1/2-1/2